LEADER 01566nam a2200277 4500 001 000000340004 003 CaOOAMICUS 005 20200330085311.0 008 200330s1732 it 000 u lat r 026 $ae-r- m.i. a-a- &LCo (3) 1608 (Q) 040 $aSeMil$bita 110 11$aArcidiocesi di Milano : Capitolo metropolitano.$0(OLS)http://semarc/name/21051 245 00$aDecreta, et constitutiones ... D.D. Caroli Card. Titt. S. Praxedis, archiepiscopi Mediolani a Capitulo Metropolitanae anno 1572. acceptata. Iussu D.D. Clementis Papae Octavi ab... Federico Cardinali Borromaeo ... atque ab eodem Capitulo acceptata die 14. Augusti 1608. 264 1$c[1608] 300 $a48 p. ;$c8° 500 $aTitolo dell'intitolazione 500 $aSegn.: A-C8 500 $aData di pubblicazione presunta nel titolo 650 4$aMilano (Arcidiocesi) - Capitolo Metropolitano.$0(OLS)http://semarc/subject/8522 700 1 $aBorromeo, Federico,$c.$0(OLS)http://semarc/name/3156 850 $aSeMil 852 $aSeMil$W1$xVenegono$y1$m3Z V 1/5 FA$j219318$B231165$CSeMilBibl$Z2$F231165 $86 941 1 $a10 996 $6245$aDecreta, et constitutiones ... D.D. Caroli Card. Titt. S. Praxedis, archiepiscopi Mediolani a Capitulo Metropolitanae anno 1572. acceptata. Iussu D.D. Clementis Papae Octavi ab... Federico Cardinali Borromaeo ... atque ab eodem Capitulo acceptata die 14. Augusti 1608$9(OLS)http://semarc/title/428922 996 $6264$a[S.l.] :$b[s.n.]$9(OLS)http://semarc/publisher/0 LEADER 00615nam a2200181 i 4500 001 000000103582 003 CaOOAMICUS 005 20011009000000.0 008 011009n it u000 u ita u 013 $a75753 040 $aSeMil$bita 245 10$a[L-R]. 300 $aX, 756 p., [16] c. di tav. color. 500 $aTitolo ripreso dal dorso del volume. 773 0 $tDizionario della letteratura mondiale.$dTorino : SAIE : Paoline, 1968.$gVolume3$w()853 850 $aSeMil 852 $aSeMil$W1$xVenegono$y1$mSL1.D VIII 7$j60043$B60043$CSeMilBibl$Z2$F44523 $8I 996 $6245$a[L-R]$9(OLS)http://semarc/title/150391